20 Classic Corporate Logos Quiz Stats

Quiz Updated Jul 15, 2016

Also try: Un-evolved Logos
Challenge
Share
Tweet
Score 0/20 Timer 05:00
0 Plays Today
% Correct
Quaker Oats
94.9%
United Airlines
86.5%
AT&T
81.9%
Bell System
70%
Girl Scouts of the USA
65.1%
United Way
60.8%
J. Paul Getty Trust
40.6%
Warner Communications
31.6%
Boys & Girls Clubs of America
22.9%
Lawry's
20.7%
% Correct
Minolta
16.1%
Alcoa
13.2%
Geffen Records
12.3%
Avery Dennison
6.7%
Continental Airlines
6.6%
YWCA
5.4%
Hanna-Barbera
3.3%
Frontier Airlines
2.1%
General Foods
1.4%
Celanese Corporation
1.3%

You're not logged in!

Compare scores with friends on all Sporcle quizzes.
Sign Up with Email
OR
Log In

You Might Also Like...

Show Comments

Extras

Top Quizzes Today


Score Distribution

Your Account Isn't Verified!

In order to create a playlist on Sporcle, you need to verify the email address you used during registration. Go to your Sporcle Settings to finish the process.